Low temperature electronics : physics, devices, circuits, and applications /
Low Temperature Electronics: Physics, Devices, Circuits, and Applications summarizes the recent advances in cryoelectronics starting from the fundamentals in physics and semiconductor devices to electronic systems, hybrid superconductor-semiconductor technologies, photonic devices, cryocoolers and t...
| Other Authors: | , , |
|---|---|
| Format: | eBook |
| Language: | English |
| Published: |
San Diego :
Academic Press,
[2001]
|
| Subjects: | |
| Online Access: | Connect to the full text of this electronic book Table of contents Publisher description |
MARC
| Tag | First Indicator | Second Indicator | Subfields |
|---|---|---|---|
| LEADER | 00000cam a2200000Ia 4500 | ||
| 001 | in00002425441 | ||
| 005 | 20190327171550.0 | ||
| 006 | m d | ||
| 007 | cr cn||||||||| | ||
| 008 | 070806s2001 caua sb 001 0 eng d | ||
| 020 | |a 9780123106759 | ||
| 020 | |a 0123106753 | ||
| 035 | |a (OCoLC)ocn162572550 | ||
| 035 | |a (OCoLC)162572550 | ||
| 037 | |a 89609:89609 |b Elsevier Science & Technology |n http://www.sciencedirect.com | ||
| 040 | |a OPELS |c OPELS |d UtOrBLW | ||
| 049 | |a TEFA | ||
| 050 | 1 | 4 | |a TK7872.C77 |b L69 2001eb |
| 082 | 0 | 4 | |a 621.381 |2 22 |
| 245 | 0 | 0 | |a Low temperature electronics : |b physics, devices, circuits, and applications / |c [edited by] Edmundo A. Gutierrez-D., M. Jamal Deen, C. Claeys. |
| 264 | 1 | |a San Diego : |b Academic Press, |c [2001] | |
| 264 | 4 | |c ©2001 | |
| 300 | |a xx, 964 pages : |b illustrations ; |c 24 cm. | ||
| 336 | |a text |b txt |2 rdacontent | ||
| 337 | |a computer |b c |2 rdamedia | ||
| 338 | |a online resource |b cr |2 rdacarrier | ||
| 533 | |a Electronic reproduction. |b Amsterdam : |c Elsevier Science & Technology, |d 2007. |n Mode of access: World Wide Web. |n System requirements: Web browser. |n Title from title screen (viewed on Aug. 2, 2007). |n Access may be restricted to users at subscribing institutions. | ||
| 520 | |a Low Temperature Electronics: Physics, Devices, Circuits, and Applications summarizes the recent advances in cryoelectronics starting from the fundamentals in physics and semiconductor devices to electronic systems, hybrid superconductor-semiconductor technologies, photonic devices, cryocoolers and thermal management. Furthermore, this book provides an exploration of the currently available theory, research, and technologies related to cryoelectronics, including treatment of the solid state physical properties of the materials used in these systems. Current applications are found in infrared systems, satellite communications and medical equipment. There are opportunities to expand in newer fields such as wireless and mobile communications, computers, and measurement and scientific equipment. Low temperature operations can offer certain advantages such as higher operational speeds, lower power dissipation, shorter signal transmission times, higher semiconductor and metal thermal conductivities, and improved digital and analog circuit performance. The computer, telecommunication, and cellular phone market is pushing the semiconductor industry towards the development of very aggressive device and integrated circuit fabrication technologies. This is taking these technologies towards the physical miniaturization limit, where quantum effects and fabrication costs are becoming a technological and economical barrier for further development. In view of these limitations, operation of semiconductor devices and circuits at low temperature (cryogenic temperature) is studied in this book. * It is a book intended for a wide audience: students, scientists, technology development engineers, private companies, universities, etc. * It contains information which is for the first time available as an all-in-one source; Interdisciplinary material is arranged and made compatible in this book * It is a must as reference source. | ||
| 505 | 0 | |a 1. Physics of Silicon at Cryogenic Temperatures -- 2. Silicon Devices and Circuits -- 3. Reliability Aspects of Cryogenic Silicon Technologies -- 4. Radiation Effects and Low-Frequency Noise in Silicon Technologies -- 5. Heterostructure and Compound Semiconductor Devices -- 6. Compound Heterostructure Semiconductor Lasers and Photodetectors -- 7. High-Temperature Superconductors/Semiconductor Hybrid Microwave Devices and Circuits -- 8. Cryocooling and Thermal Management -- 9. Applications, Trends, and Perspectives -- Index. | |
| 504 | |a Includes bibliographical references and index. | ||
| 500 | |a Electronic resource. | ||
| 650 | 0 | |a Cryoelectronics. | |
| 650 | 6 | |a Cryoélectronique. | |
| 655 | 7 | |a Electronic books. |2 local | |
| 700 | 1 | |a Gutierrez-D., Edmundo A. | |
| 700 | 1 | |a Deen, M. Jamal. | |
| 700 | 1 | |a Claeys, Cor L. | |
| 730 | 0 | |a Referex. | |
| 776 | 1 | |c Original |z 0123106753 |z 9780123106759 |w (DLC) 00104378 |w (OCoLC)46539927 | |
| 856 | 4 | 0 | |u http://proxy.library.tamu.edu/login?url=http://www.sciencedirect.com/science/book/9780123106759 |z Connect to the full text of this electronic book |t 0 |
| 856 | 4 | 2 | |3 Table of contents |u http://www.loc.gov/catdir/toc/els051/00104378.html |t 0 |
| 856 | 4 | 2 | |3 Publisher description |u http://www.loc.gov/catdir/description/els031/00104378.html |t 0 |
| 994 | |a C0 |b TEF | ||
| 999 | |a MARS | ||
| 999 | f | f | |s 2c5e17ed-7664-38b9-b5f9-1b1002b405bc |i 03b93a8e-de34-33f1-88e0-0bc476a21a9a |t 0 |
| 952 | f | f | |a Texas A&M University |b College Station |c Electronic Resources |d Available Online |t 0 |e TK7872.C77 L69 2001eb |h Library of Congress classification |
| 998 | f | f | |a TK7872.C77 L69 2001eb |t 0 |l Available Online |